000 00606nam a22001937a 4500
003 OSt
005 20251030073753.0
008 251030b |||||||| |||| 00| 0 eng d
020 _a978-971-27-3757-2
040 _aDWCL - Main Lib
_cOC
082 _aFil. 899.2113055 B612s 2022
100 _aBinibining Mia
245 _aSalamisim :
_bAng Simula /
_cBinibining Mia
260 _aMandaluyong City, Philippines ;
_bAnvil Publishing, Inc.,
_cc2022.
300 _a330 pages ;
_c18 cm.
650 _a1. Historical Fiction, Filipino
650 _a2. Romance Fiction, Filipino
942 _2ddc
_cBK-FIL
_mFil.
_n0
999 _c5355
_d5355